[Event "WY BU18 2012"]
[Site "Maribor SLO"]
[Date "2012.11.09"]
[Round "2.7"]
[White "Lagarde, Max"]
[Black "Druska, J."]
[Result "1/2-1/2"]
[WhiteElo "2501"]
[BlackElo "2310"]
[PlyCount "146"]
[EventDate "2012.11.07"]
[SourceDate "1999.07.01"]

1. e4 e5 2. Nf3 Nc6 3. d4 exd4 4. Bc4 Nf6 5. O-O Nxe4 6. Re1 d5 7. Bxd5 Qxd5 8.
Nc3 Qh5 9. Nxe4 Be6 10. Bg5 h6 11. Bf6 Qa5 12. Nxd4 Nxd4 13. Qxd4 Qb6 14. Bxg7
Bxg7 15. Qxg7 O-O-O 16. Qc3 Qd4 17. Qxd4 Rxd4 18. Rad1 Rhd8 19. Rxd4 Rxd4 20.
c3 Rd8 21. a3 Bf5 22. Ng3 Be6 23. h4 Rd2 24. Re2 Rd1+ 25. Kh2 Bc4 26. Re8+ Kd7
27. Rh8 Rd2 28. f3 Bd5 29. Nf1 Rxb2 30. Kg3 Rb3 31. c4 Bxc4 32. Nd2 Rc3 33. Ne4
Rxa3 34. Rxh6 Ke7 35. Rh8 Bd3 36. Nf2 c5 37. h5 c4 38. Rb8 Rb3 39. h6 Bg6 40.
Ng4 c3 41. Ne5 Kf6 42. Ng4+ Ke6 43. Re8+ Kd7 44. Nf6+ Kc7 45. Nd5+ Kd6 46. Rd8+
Ke5 47. Nf4 Bh7 48. Rh8 c2 49. Ne2 Kf6 50. Rxh7 Re3 51. Nc1 Re1 52. Nd3 Rd1 53.
Rh8 Rxd3 54. Rc8 Kg6 55. Rxc2 Kxh6 56. Rc7 Rb3 57. Rxf7 a5 58. Rf8 a4 59. Ra8
a3 60. Kg4 Kg6 61. f4 Kf6 62. Rf8+ Ke7 63. Ra8 b5 64. Kf5 Rg3 65. Ke5 b4 66.
Ra4 Re3+ 67. Kd4 Rb3 68. g4 Rb2 69. Ra7+ Kd6 70. Ra6+ Kc7 71. f5 a2 72. f6 b3
73. Kc3 Rf2 1/2-1/2

[Event "9th Vasylyshyn Mem IM"]
[Site "Lviv UKR"]
[Date "2012.11.21"]
[Round "2"]
[White "Terletsky, O."]
[Black "Nester, I."]
[Result "1-0"]
[WhiteElo "2259"]
[BlackElo "2328"]
[PlyCount "95"]
[EventDate "2012.11.20"]
[EventType "tourn"]
[SourceDate "1999.07.01"]

1. e4 e5 2. Nf3 Nc6 3. d4 exd4 4. Bc4 Nf6 5. O-O Nxe4 6. Re1 d5 7. Bxd5 Qxd5 8.
Nc3 Qa5 9. Nxe4 Be6 10. Neg5 O-O-O 11. Nxe6 fxe6 12. Rxe6 h6 13. Qd3 Qd5 14.
Qe4 Qxe4 15. Rxe4 Be7 16. Bd2 Bf6 17. Rae1 Rd5 18. g4 Rc5 19. Rc1 Rd8 20. Kg2
a5 21. Ne1 Ne5 22. Nd3 Nxd3 23. cxd3 Rxc1 24. Bxc1 Rd5 25. Bf4 Rc5 26. Re2 a4
27. Kf3 Kd7 28. Ke4 c6 29. Bg3 h5 30. gxh5 Rxh5 31. f4 Rh8 32. Kf5 Kd6 33. Kg6
c5 34. b3 Ra8 35. f5+ Kd7 36. h4 axb3 37. axb3 Rh8 38. Re6 Bxh4 39. Rd6+ Kc7
40. Bf4 Rh6+ 41. Bxh6 Kxd6 42. Bxg7 Kd5 43. f6 b5 44. f7 Be7 45. Kf5 c4 46.
f8=Q Bxf8 47. Bxf8 cxd3 48. Bb4 1-0

[Event "NIT Nagpur GM Open 2012"]
[Site "Nagpur IND"]
[Date "2012.10.21"]
[Round "9.10"]
[White "Rathnakaran, K."]
[Black "Akshayraj, K."]
[Result "1/2-1/2"]
[WhiteElo "2439"]
[BlackElo "2472"]
[PlyCount "41"]
[EventDate "2012.10.16"]
[SourceDate "1999.07.01"]

1. e4 e5 2. Nf3 Nc6 3. d4 exd4 4. Bc4 Nf6 5. O-O Nxe4 6. Re1 d5 7. Bxd5 Qxd5 8.
Nc3 Qa5 9. Nxe4 Be6 10. Neg5 O-O-O 11. Nxe6 fxe6 12. Rxe6 Bd6 13. Bg5 Rde8 14.
Qe2 Kd7 15. Rxe8 Rxe8 16. Qd3 Ne5 17. Qf5+ Re6 18. Nxd4 Nf3+ 19. gxf3 Qxf5 20.
Nxf5 Re5 21. Nxd6 1/2-1/2

[Event "Int Open ch-SVK 2012"]
[Site "Banska Stiavnica SVK"]
[Date "2012.07.11"]
[Round "5.17"]
[White "Borosova, Z."]
[Black "Kantorik, M."]
[Result "1/2-1/2"]
[WhiteElo "2291"]
[BlackElo "2305"]
[PlyCount "90"]
[EventDate "2012.07.07"]
[SourceDate "1999.07.01"]

1. e4 e5 2. Nf3 Nc6 3. d4 exd4 4. Bc4 Nf6 5. O-O Nxe4 6. Re1 d5 7. Bxd5 Qxd5 8.
Nc3 Qa5 9. Nxe4 Be6 10. Neg5 O-O-O 11. Nxe6 fxe6 12. Rxe6 Bd6 13. Bg5 Rdf8 14.
Bh4 Qh5 15. Bg3 Bxg3 16. hxg3 Qd5 17. Qe2 Rd8 18. Qe4 Qxe4 19. Rxe4 d3 20. c3
Rhe8 21. Ree1 Re2 22. Rxe2 dxe2 23. Re1 Rd1 24. Kh2 Rxe1 25. Nxe1 Ne5 26. b3
Ng4+ 27. Kg1 Kd7 28. c4 Kd6 29. f3 Ne3 30. Kf2 Nd1+ 31. Kxe2 Nc3+ 32. Ke3 Nxa2
33. Nd3 c5 34. g4 b6 35. g5 a5 36. g4 b5 37. cxb5 Nc3 38. Nb2 Nxb5 39. Nc4+ Kd5
40. Nxa5 Nd4 41. f4 g6 42. Kd3 Ne6 43. Ke3 Nd4 44. Kd3 Ne6 45. Ke3 Nd4 1/2-1/2